Electrónica de potencia: circuitos dispositivos y aplicaciones (Registro nro. 5002)
[ vista simple ]
| 000 -CABECERA | |
|---|---|
| campo de control de longitud fija | 00633aam a2200229 4500 |
| 005 - FECHA Y HORA DE ACTUALIZACIÓN | |
| campo de control | 20180810142147.0 |
| 008 - LONGITUD FIJA | |
| campo de control de longitud fija | 150227b xxu||||| |||| 00| 0 ES d |
| 041 ## - IDIOMA | |
| Código de idioma del texto/pista de sonido o título separado | |
| 082 ## - CLASIFICACIÓN DECIMAL DEWEY | |
| Número de clasificación | 621.381.044 R234e3 |
| 100 ## - AUTOR PERSONAL | |
| Nombre de persona | Rashid, Muhammad H |
| 245 ## - TÍTULO PROPIAMENTE DICHO | |
| Título | Electrónica de potencia: circuitos dispositivos y aplicaciones |
| 250 ## - EDICIÓN | |
| Mención de edición | 3 edición |
| 260 ## - PIE DE IMPRENTA | |
| Lugar de publicación, distribución, etc. | México |
| 260 ## - PIE DE IMPRENTA | |
| Nombre del editor, distribuidor, etc. | Pearson Educación |
| 260 ## - PIE DE IMPRENTA | |
| Fecha de publicación, distribución, etc. | 2004 |
| 300 ## - DESCRIPCIÓN FÍSICA | |
| Extensión | 878 páginas |
| 650 ## - Materia General | |
| Materia general | ELECTRÓNICA |
| 650 ## - Materia General | |
| Materia general | ELECTRÓNICA DE POTENCIAS |
| 650 ## - Materia General | |
| Materia general | CIRCUITOS RECTIFICADORES |
| 650 ## - Materia General | |
| Materia general | TIRISTORES |
| 942 ## - Punto de Acceso Adicional Koha | |
| Tipo de ítem Koha | Libro |
| Estado perdido | Estado dañado | No para préstamo | Biblioteca permanente | Biblioteca actual | Signatura completa | Código de barras | Tipo de ítem | Precio efectivo a partir del |
|---|---|---|---|---|---|---|---|---|
| Departamento de Biblioteca y Documentación Alfonso Chase Brenes | Departamento de Biblioteca y Documentación Alfonso Chase Brenes | 621.381.044 R234e3 | 10533 | Libro | ||||
| Departamento de Biblioteca y Documentación Alfonso Chase Brenes | Departamento de Biblioteca y Documentación Alfonso Chase Brenes | 621.381.044 R234e3 | 11166 | Libro | 10/08/2018 | |||
| Departamento de Biblioteca y Documentación Alfonso Chase Brenes | Departamento de Biblioteca y Documentación Alfonso Chase Brenes | 621.381.044 R234e3 | 14314 | Libro | 10/08/2018 | |||
| Departamento de Biblioteca y Documentación Alfonso Chase Brenes | Departamento de Biblioteca y Documentación Alfonso Chase Brenes | 621.381.044 R234e3 | 13743 | Libro | 09/02/2022 | |||
| Departamento de Biblioteca y Documentación Alfonso Chase Brenes | Departamento de Biblioteca y Documentación Alfonso Chase Brenes | 621.381.044 R234e3 | 13744 | Libro | 09/02/2022 |